000
00245 a2200109 4500
001
66319
040
_c
Anchieta - Pituba
240
1
0
_a
BRASIL CULTURAL NOSSO PAÍS
_l
por
245
1
0
_a
BRASIL CULTURAL NOSSO PAÍS
650
4
_a
Geografia
942
_c
MX
999
_c
66319
_d
66319